Every town in Sweden: Uppsala - Statistics

General Stats
  • This quiz has been taken 5 times
  • The average score is 9 of 31
Answer Stats
Municipality Letter Population City/Town % Correct
Enköping E 26,473 Enköping
100%
Östhammar Ö 5,013 Östhammar
100%
Uppsala U 226,849 Uppsala
100%
Älvkarleby Ä 1,546 Älvkarleby
75%
Heby H 2,774 Heby
75%
Knivsta K 11,737 Knivsta
75%
Tierp T 6,414 Tierp
75%
Håbo B 16,332 Bålsta
50%
Knivsta A 3,009 Alsike
25%
Östhammar A 2,805 Alunda
25%
Uppsala B 2,560 Bälinge
25%
Uppsala B 3,501 Björklinge
25%
Östhammar G 2,840 Gimo
25%
Uppsala L 1,120 Lövstalöt
25%
Östhammar Ö 1,808 Öregrund
25%
Enköping Ö 2,051 Örsundsbro
25%
Östhammar Ö 2,421 Österbybruk
25%
Heby Ö 1,777 Östervåla
25%
Uppsala S 6,602 Storvreta
25%
Enköping F 1,083 Fjärdhundra
0%
Enköping G 1,104 Grillby
0%
Enköping H 1,145 Hummelsta
0%
Tierp K 1,289 Karlholmsbruk
0%
Heby M 1,580 Morgongåva
0%
Tierp Ö 2,290 Örbyhus
0%
Håbo R 1,047 Råby
0%
Älvkarleby S 6,217 Skutskär
0%
Håbo S 1,610 Slottsskogen
0%
Tierp S 1,092 Söderfors
0%
Heby T 1,412 Tärnsjö
0%
Uppsala V 1,556 Vattholma
0%
No matching quizzes found
Score Distribution
Percent of People with Each Score
Percentile by Number Answered
Your Score History
You have not taken this quiz